| 000 | 00602nam a22001937a 4500 | ||
|---|---|---|---|
| 003 | OSt | ||
| 005 | 20140310182146.0 | ||
| 008 | 130829t xxu||||| |||| 00| 0 eng d | ||
| 020 | _a0099268671 | ||
| 050 |
_aPR 9494.9 _b.V789 1997 |
||
| 082 |
_aHS 820.80954 _bV79 1997 |
||
| 245 |
_aThe vintage book of Indian writing / _cedited by Salman Rushdie, Elizabeth West |
||
| 260 |
_aGreat Britain : _bVintage, _cc1997. |
||
| 300 |
_a578 p. : _c22 cm. |
||
| 650 |
_aIndic literature (English) _x20th century. _915539 |
||
| 650 |
_aIndia _xLiterary collections. _915540 |
||
| 942 |
_2lcc _cHS |
||
| 999 |
_c9932 _d9932 |
||